[Event "Loire Cup"]
[Site "Loire"]
[Date "2015.05.10"]
[Round "2.2"]
[White "Barrandon, Georges"]
[Black "Desassis, Jean Francois"]
[Result "1/2-1/2"]
[WhiteElo "1450"]
[BlackElo "1491"]
[PlyCount "113"]
[EventDate "2015.05.10"]
[EventType "team-swiss"]
[EventRounds "3"]
[EventCountry "FRA"]
[SourceTitle "EXT 2016"]
[Source "ChessBase"]
[SourceDate "2015.10.08"]
[SourceVersion "1"]
[SourceVersionDate "2015.10.08"]
[SourceQuality "1"]
[WhiteTeam "St Chamond"]
[BlackTeam "Aurec II"]
[WhiteTeamCountry "FRA"]
[BlackTeamCountry "FRA"]

1. d4 c5 2. c3 e6 3. Nf3 Nf6 4. Bf4 Nc6 5. Nbd2 d5 6. e3 Be7 7. Bb5 Bd7 8. h3 c4 9. Ba4 a6 10. Bc2 b5 11. b3 b4 12. bxc4 bxc3 13. Nb1 Ne4 14. Bxe4 dxe4 15. Ne5 Bb4 16. Qc2 0-0 17. Nxc6 Bxc6 18. Nxc3 Qa5 19. Kd2 Ba4 20. Qb2 Rac8 21. c5 Rfd8 22. Bd6 Rxd6 23. Rhb1 Bxc3+ 24. Qxc3 Qxc3+ 25. Kxc3 Rdd8 26. Rb7 e5 27. Rab1 exd4+ 28. exd4 Bb5 29. Re7 Re8 30. Rxe8+ Rxe8 31. d5 Kf8 32. Kd4 f5 33. c6 f4 34. Re1 Kf7 35. Rxe4 g5 36. Rxe8 Kxe8 37. Kc5 Kd8 38. g3 f3 39. Kb6 Bc4 40. d6 Bxa2 41. Kxa6 Bd5 42. Kb6 h5 43. h4 gxh4 44. gxh4 Be4 45. c7+ Kc8 46. Kc5 Kd7 47. Kd4 Bb7 48. Ke5 Ba8 49. Kf4 Bb7 50. Kg5 Kxd6 51. Kxh5 Kxc7 52. Kg6 Kd6 53. h5 Kc5 54. Kf5 Kd4 55. h6 Kd3 56. Kf4 Be4 57. h7 1/2-1/2